000 00599nam a2200205Ia 4500
001 10333
003 GE_BSU
008 181216s||||||||xx |||||||||||||| ||und||
040 _cGE_BSU
080 _a821.353.1–1
100 _aტაბიძე,გალაქტიონ
245 _aლექსები
245 _cრედ.ლ.გოგოხია.მხატვ.რედ.შ.დოლიძე
260 _aთბილისი
260 _bნაკადული
260 _c1973
300 _a31გვ.ილ.20სმ.
653 _aლექსები
942 _cBK
999 _c43598
_d43598